[Event "Belt and Road Hunan op-B"]
[Site "Changsha"]
[Date "2019.08.02"]
[Round "8"]
[White "Lan, Zilun"]
[Black "Zhang, Xuan"]
[Result "0-1"]
[WhiteElo "2336"]
[BlackElo "2313"]
[PlyCount "70"]
[EventDate "2019.07.29"]
[EventType "swiss"]
[EventRounds "9"]
[EventCountry "CHN"]
[SourceTitle "EXT 2020"]
[Source "ChessBase"]
[SourceDate "2019.10.17"]
[SourceVersion "1"]
[SourceVersionDate "2019.10.17"]
[SourceQuality "1"]

1. d4 Nf6 2. c4 e6 3. Nf3 d5 4. Nc3 c5 5. e3 Nc6 6. a3 cxd4 7. exd4 Be7 8. Bd3 0-0 9. 0-0 b6 10. b4 dxc4 11. Bxc4 Bb7 12. Bb2 Rc8 13. Ba2 a5 14. b5 Nb8 15. Re1 Nd5 16. Ne4 Nd7 17. Qb3 N7f6 18. Bb1 Nf4 19. Ne5 Nxe4 20. Bxe4 Bxe4 21. Rxe4 Qd5 22. Qf3 Qxb5 23. Rxf4 Qxb2 24. Rf1 Bd6 25. Qh5 Bxe5 26. dxe5 Rc1 27. g3 Rxf1+ 28. Kxf1 Qxa3 29. Kg2 Qd3 30. Rg4 Qf5 31. Rg5 Qe4+ 32. f3 Qe2+ 33. Kh3 g6 34. Qg4 Rc8 35. Qd4 Qf1+ 0-1

[Event "Moscow Aeroflot op-B 18th"]
[Site "Moscow"]
[Date "2019.02.27"]
[Round "9"]
[White "Krishna Teja, N."]
[Black "Zhang, Xuan"]
[Result "0-1"]
[WhiteElo "2391"]
[BlackElo "2257"]
[PlyCount "110"]
[EventDate "2019.02.20"]
[EventType "swiss"]
[EventRounds "9"]
[EventCountry "RUS"]
[SourceTitle "CBM 189 Extra"]
[Source "ChessBase"]
[SourceDate "2019.06.03"]
[SourceVersion "1"]
[SourceVersionDate "2019.06.03"]
[SourceQuality "1"]

1. d4 Nf6 2. c4 e6 3. Nc3 Bb4 4. Qc2 0-0 5. a3 Bxc3+ 6. Qxc3 b5 7. cxb5 c6 8. f3 Nd5 9. Qd2 f5 10. e3 cxb5 11. Nh3 Bb7 12. Bd3 Qb6 13. Qe2 a6 14. e4 fxe4 15. fxe4 Ne7 16. Be3 Nbc6 17. d5 Nd4 18. Qd2 e5 19. Ng5 Ng6 20. Bxd4 Qxd4 21. Nf3 Qa7 22. Rf1 d6 23. g3 Bc8 24. Rc1 Bh3 25. Rf2 Bg4 26. Ng1 Rac8 27. Rxc8 Bxc8 28. Rxf8+ Nxf8 29. Qf2 Qc7 30. Qc2 Qa5+ 31. Kf1 Bd7 32. Kg2 h6 33. Ne2 Qb6 34. Nc1 Nh7 35. Qf2 Bh3+ 36. Kg1 Qc7 37. Na2 Ng5 38. Nc3 Bg4 39. Kg2 Qc8 40. Be2 Bh3+ 41. Kg1 Qb7 42. Qe3 b4 43. axb4 Qxb4 44. Bxa6 Qxb2 45. Be2 Qa1+ 46. Nd1 Qb1 47. Qd3 Qb4 48. Kf2 Nxe4+ 49. Ke3 Nf6 50. Kf2 Ne4+ 51. Ke3 Bf5 52. Qc4 Qe1 53. g4 Qd2+ 54. Kf3 Qf4+ 55. Kg2 Bxg4 0-1

[Event "Moscow Aeroflot op-B 18th"]
[Site "Moscow"]
[Date "2019.02.22"]
[Round "3"]
[White "Tsoi, Dmitry"]
[Black "Zhang, Xuan"]
[Result "0-1"]
[WhiteElo "2392"]
[BlackElo "2257"]
[PlyCount "86"]
[EventDate "2019.02.20"]
[EventType "swiss"]
[EventRounds "9"]
[EventCountry "RUS"]
[SourceTitle "CBM 189 Extra"]
[Source "ChessBase"]
[SourceDate "2019.06.03"]
[SourceVersion "1"]
[SourceVersionDate "2019.06.03"]
[SourceQuality "1"]

1. c4 Nf6 2. g3 g6 3. Bg2 Bg7 4. Nc3 0-0 5. e3 d6 6. Nge2 c5 7. 0-0 Nc6 8. d4 Bd7 9. b3 Qc8 10. Bb2 Bh3 11. Qd2 Bxg2 12. Kxg2 a6 13. f3 Rb8 14. Rac1 h5 15. Nd5 Rd8 16. Rfd1 Nh7 17. b4 e6 18. bxc5 exd5 19. cxd5 Na7 20. e4 Qd7 21. Nf4 Bh6 22. e5 dxc5 23. dxc5 Qf5 24. Qe3 Nb5 25. Qe4 Bxf4 26. gxf4 Nc7 27. Rc4 Rd7 28. Rcd4 Rbd8 29. e6 fxe6 30. d6 Nd5 31. Re1 Qxe4 32. fxe4 Nxf4+ 33. Kg3 g5 34. e5 Rc8 35. Ba3 Rf8 36. Rd2 h4+ 37. Kg4 Ng6 38. Kh5 Kg7 39. Bb2 Rf4 40. h3 Rc4 41. Bd4 Rf7 42. Re4 Nf4+ 43. Kg4 Kg6 0-1

[Event "All China Games 4th"]
[Site "Hefei"]
[Date "2010.05.18"]
[Round "4"]
[White "Zhang, Xuan"]
[Black "Gao, Rui"]
[Result "0-1"]
[WhiteElo "2275"]
[BlackElo "2464"]
[PlyCount "56"]
[EventDate "2010.05.17"]
[EventType "swiss (rapid)"]
[EventRounds "11"]
[EventCountry "CHN"]
[SourceTitle "CBM 136 Extra"]
[Source "ChessBase"]
[SourceDate "2010.07.02"]
[SourceVersion "2"]
[SourceVersionDate "2010.07.15"]
[SourceQuality "1"]

1. Nf3 Nf6 2. g3 d5 3. Bg2 Bg4 4. 0-0 Nbd7 5. b3 e5 6. Bb2 e4 7. Ne1 Bc5 8. d4 Bd6 9. f3 Bh5 10. e3 Qe7 11. Qe2 0-0 12. c4 c6 13. Qf2 exf3 14. Bxf3 Bxf3 15. Nxf3 Ng4 16. Qe2 Qxe3+ 17. Qxe3 Nxe3 18. Rc1 f5 19. Nbd2 f4 20. Kf2 Nf6 21. gxf4 Bxf4 22. h3 Ne4+ 23. Ke2 Nxd2 24. Nxd2 Rae8 25. Kd3 Ng2 26. Kc2 Bxd2 27. Kxd2 Rf2+ 28. Kd3 Re3# 0-1